00230nam a2200085Ia 4500008004100000100002000041245003200061260004200093260000900135170620s9999 xx 000 0 und d aRao- Ravi Ranga 0aMethods of Teacher Training bNew Delhi- Discovery Publishing House c2004